| 000 | 01143cam a2200361 4500 | ||
|---|---|---|---|
| 001 | D14889 | ||
| 008 | 090401t1964 xxu||||| |||| 00| 0 eng d | ||
| 035 | _a(Sirsi) u18699 | ||
| 041 | _aeng | ||
| 050 |
_a630.09 _c18 |
||
| 100 | _aOrwin, Christabel S. | ||
| 245 | _aHistory of British agriculture 1846-1914 | ||
| 260 |
_aLondon _bLongmans _c1964 |
||
| 300 |
_axx. 411p. _c22cm |
||
| 350 | _a3.15 | ||
| 505 | _aBritish agriculture 1846-1851 | ||
| 505 | _aThe preponderance of the landed interest | ||
| 505 | _aThe condition of farm workers in 1850 | ||
| 505 | _aMarekts and crops 1851-1875 | ||
| 505 | _aLivestock farming 1851-1875 | ||
| 505 | _aLandlord and tenant | ||
| 505 | _aThe state and the land | ||
| 505 | _aThe farm workers 1851-1875 | ||
| 505 | _aThe great depression 1875-1885 | ||
| 505 | _aThe great depression 1885-1895 | ||
| 505 | _aThe decline of the landed interest | ||
| 505 | _aThe changing villages 1875-1914 | ||
| 505 | _aFarming in the new centuary 1895-1914 | ||
| 690 | _aENVIRONMENTAL AND LAND CONSULTANCY-AGRIBUSINESS | ||
| 700 | _aWhetham, Edith H | ||
| 942 | _n0 | ||
| 948 | _c04/03/1997 | ||
| 999 |
_c87614 _d87614 |
||